[Event "Titled Tuesday intern op 07th Jan Early"]
[Site "Chess.com INT"]
[Date "2025.01.07"]
[Round "4"]
[White "Provotorov, Alexandr P"]
[Black "Aaron, Deepak"]
[Result "1-0"]
[WhiteElo "2212"]
[BlackElo "2280"]
[PlyCount "99"]
[EventDate "2025.01.07"]
[EventType "swiss (blitz)"]
[EventRounds "11"]
[EventCountry "USA"]
[SourceTitle "CB03_2025"]
[SourceDate "2025.01.15"]
[SourceVersion "1"]
[SourceVersionDate "2025.01.15"]
[SourceQuality "1"]

1. e4 e6 2. d4 d5 3. exd5 exd5 4. Nf3 Bg4 5. h3 Bh5 6. Qe2+ Be7 7. g4 Bg6 8. Ne5 Nd7 9. Nxg6 hxg6 10. Nc3 c6 11. Bf4 Ngf6 12. 0-0-0 0-0 13. h4 Re8 14. Qf3 Bb4 15. h5 Bxc3 16. Qxc3 Ne4 17. Qf3 g5 18. Be3 Qf6 19. Bg2 Qxf3 20. Bxf3 Re6 21. Rh3 Rae8 22. Rdh1 Ndf6 23. h6 g6 24. h7+ Kg7 25. h8Q+ Rxh8 26. Rxh8 Nd6 27. R8h2 Nde4 28. b3 a5 29. Kb2 b5 30. a3 a4 31. Bxe4 Nxe4 32. Rh7+ Kf6 33. Rh8 axb3 34. Kxb3 Nd6 35. a4 bxa4+ 36. Kxa4 Nc4 37. R8h3 Re7 38. Kb4 Nd6 39. Kc5 Re6 40. Rf3+ Ke7 41. Bxg5+ Kd7 42. Be3 Re8 43. Rh7 Ke6 44. g5 Ne4+ 45. Kxc6 Rc8+ 46. Kb7 Nd6+ 47. Ka6 Kd7 48. Rfxf7+ Kc6 49. Ra7 Rb8 50. Rhc7# 1-0

[Event "Titled Tuesday intern op 27th Aug Early"]
[Site "Chess.com INT"]
[Date "2024.08.27"]
[Round "3"]
[White "Abarca Gonzalez, Nicolas"]
[Black "Aaron, Deepak"]
[Result "1-0"]
[WhiteElo "2384"]
[BlackElo "2289"]
[PlyCount "79"]
[EventDate "2024.08.27"]
[EventType "swiss (blitz)"]
[EventRounds "11"]
[EventCountry "USA"]
[SourceTitle "EXT 2025"]
[Source "ChessBase"]
[SourceDate "2024.10.14"]
[SourceVersion "1"]
[SourceVersionDate "2024.10.14"]
[SourceQuality "1"]

1. e4 e5 2. Qh5 Nc6 3. Bc4 g6 4. Qf3 Nf6 5. Ne2 Bg7 6. Nbc3 d6 7. h3 Be6 8. d3 Nd4 9. Nxd4 exd4 10. Ne2 Bxc4 11. dxc4 0-0 12. Bg5 h6 13. Bxf6 Bxf6 14. Rd1 c5 15. Nf4 Qa5+ 16. Kf1 Qxa2 17. Qd3 Qxb2 18. g4 Qc3 19. Qe2 Bg7 20. Nd5 Qa5 21. Kg2 a6 22. Rb1 Rab8 23. Rb6 Rfe8 24. Rhb1 Qa4 25. Rxb7 Rxb7 26. Rxb7 Qc6 27. Ne7+ Rxe7 28. Rxe7 Bf8 29. Ra7 Qb6 30. Rd7 Qc6 31. Rd8 Qc7 32. Re8 a5 33. Qf3 Qa7 34. Qf6 Qb7 35. Qd8 Kg7 36. Rxf8 Qxe4+ 37. Kg1 Qe1+ 38. Kg2 Qe4+ 39. Kg3 Qe5+ 40. Kf3 1-0

[Event "Titled Tuesday intern op 27th Aug Late"]
[Site "Chess.com INT"]
[Date "2024.08.27"]
[Round "3"]
[White "Cieslak, Patryk"]
[Black "Aaron, Deepak"]
[Result "1-0"]
[WhiteElo "2374"]
[BlackElo "2289"]
[PlyCount "123"]
[EventDate "2024.08.27"]
[EventType "swiss (blitz)"]
[EventRounds "11"]
[EventCountry "USA"]
[SourceTitle "EXT 2025"]
[Source "ChessBase"]
[SourceDate "2024.10.14"]
[SourceVersion "1"]
[SourceVersionDate "2024.10.14"]
[SourceQuality "1"]

1. d4 e6 2. Nf3 f5 3. g3 Nf6 4. Bg2 Be7 5. 0-0 0-0 6. c4 d6 7. Nc3 Qe8 8. d5 e5 9. e4 fxe4 10. Ng5 Bg4 11. Qc2 Na6 12. Ngxe4 Nxe4 13. Bxe4 Qh5 14. Be3 Bf3 15. Bxf3 Rxf3 16. Kg2 Raf8 17. Qe4 Bg5 18. Rae1 Bxe3 19. Rxe3 Nc5 20. Qxf3 Rxf3 21. Rxf3 Qg4 22. b3 Nd7 23. h3 Qg6 24. Re1 Qc2 25. Re2 Qc1 26. Ne4 h6 27. Rc3 Qd1 28. Rce3 b6 29. Re1 Qc2 30. R1e2 Qc1 31. Re1 Qa3 32. R3e2 Nc5 33. Nxc5 bxc5 34. Rd1 a5 35. Rd3 Qb4 36. Rde3 Qb7 37. Rd3 Qc8 38. Rf3 Qe8 39. Kh2 Qg6 40. Rfe3 Qb1 41. Kg2 Qd1 42. Re1 Qc2 43. R1e2 Qb1 44. Kh2 Kh7 45. Re4 Kg8 46. Kg2 Qd3 47. h4 Kh7 48. R4e3 Qb1 49. Kh2 Qf1 50. Re4 Kg8 51. R4e3 Kh7 52. Rd2 Kg8 53. Rc2 Kh7 54. Ree2 Qd1 55. Rcd2 Qf1 56. Re3 Kg8 57. g4 Kh7 58. Rg3 Qe1 59. Rgd3 Qf1 60. Re3 Qc1 61. Rde2 Qf1 62. h5 1-0

[Event "Titled Tuesday intern op 20th Aug Early"]
[Site "Chess.com INT"]
[Date "2024.08.20"]
[Round "2"]
[White "Aaron, Deepak"]
[Black "Caku, Kler"]
[Result "1-0"]
[WhiteElo "2289"]
[BlackElo "1859"]
[PlyCount "117"]
[EventDate "2024.08.20"]
[EventType "swiss (blitz)"]
[EventRounds "11"]
[EventCountry "USA"]
[SourceTitle "EXT 2025"]
[Source "ChessBase"]
[SourceDate "2024.10.14"]
[SourceVersion "1"]
[SourceVersionDate "2024.10.14"]
[SourceQuality "1"]

1. e4 e5 2. Nf3 Nc6 3. Bb5 a6 4. Ba4 Nf6 5. d3 b5 6. Bb3 Be7 7. 0-0 d6 8. c3 0-0 9. h3 Na5 10. Bc2 c5 11. a4 Qc7 12. axb5 Bd7 13. bxa6 Rfb8 14. Qe1 Nb3 15. Bxb3 Rxb3 16. Nbd2 Rbb8 17. Nc4 Bb5 18. Qe2 Bxc4 19. dxc4 Qc6 20. Bg5 Rxa6 21. Rxa6 Qxa6 22. Bxf6 Bxf6 23. Rd1 Rb6 24. g4 h6 25. Kg2 Qb7 26. Rd2 Qe7 27. Nh2 Bg5 28. Rc2 Bf4 29. Nf1 h5 30. Ne3 hxg4 31. hxg4 Qh4 32. Nf1 d5 33. exd5 Rg6 34. Ne3 Qh2+ 35. Kf3 Qh1+ 36. Ng2 Rh6 37. Qe4 Rh3+ 38. Ke2 g6 39. d6 Kg7 40. d7 Rh8 41. Rd2 Rd8 42. Rd5 Bg5 43. Kf3 Bf6 44. Kg3 Qh8 45. g5 Bxg5 46. Qxe5+ Bf6 47. Qd6 Qf8 48. Nf4 Qxd6 49. Rxd6 Be5 50. Rd5 Bc7 51. Kf3 g5 52. Nd3 Kf6 53. Nxc5 Bb6 54. Nb7 Ke7 55. Nxd8 Kxd8 56. Ke4 f6 57. c5 Bc7 58. b4 Ke7 59. b5 1-0

[Event "Titled Tuesday intern op 20th Aug Early"]
[Site "Chess.com INT"]
[Date "2024.08.20"]
[Round "3"]
[White "Aaron, Deepak"]
[Black "Maksimovic, Bojan"]
[Result "0-1"]
[WhiteElo "2289"]
[BlackElo "2499"]
[PlyCount "70"]
[EventDate "2024.08.20"]
[EventType "swiss (blitz)"]
[EventRounds "11"]
[EventCountry "USA"]
[SourceTitle "EXT 2025"]
[Source "ChessBase"]
[SourceDate "2024.10.14"]
[SourceVersion "1"]
[SourceVersionDate "2024.10.14"]
[SourceQuality "1"]

1. e4 c5 2. Nf3 e6 3. d4 cxd4 4. Nxd4 a6 5. Bd3 Bc5 6. Nb3 Be7 7. 0-0 d6 8. Nc3 Nf6 9. Qe2 0-0 10. Bd2 Nbd7 11. Rae1 Qc7 12. f4 e5 13. Nd1 exf4 14. Bxf4 Ne5 15. Ne3 Re8 16. Kh1 Be6 17. Nd4 Qb6 18. Ndf5 Bf8 19. b3 Rac8 20. Bg5 Nfd7 21. Qf2 Nc5 22. Rd1 Kh8 23. Nd5 Bxd5 24. exd5 Qc7 25. Qh4 Ncxd3 26. cxd3 Ng6 27. Qh5 Re5 28. d4 Rxd5 29. Ne3 Rb5 30. h3 f6 31. Rc1 Qxc1 32. Rxc1 Rxc1+ 33. Kh2 Rxg5 34. Qf3 d5 35. Nf5 Nh4 0-1

[Event "Titled Tuesday intern op 20th Aug Early"]
[Site "Chess.com INT"]
[Date "2024.08.20"]
[Round "10"]
[White "Aaron, Deepak"]
[Black "Rey Martinez, Jaime"]
[Result "1-0"]
[WhiteElo "2289"]
[BlackElo "2266"]
[PlyCount "123"]
[EventDate "2024.08.20"]
[EventType "swiss (blitz)"]
[EventRounds "11"]
[EventCountry "USA"]
[SourceTitle "EXT 2025"]
[Source "ChessBase"]
[SourceDate "2024.10.14"]
[SourceVersion "1"]
[SourceVersionDate "2024.10.14"]
[SourceQuality "1"]

1. e4 c5 2. Nf3 Nf6 3. e5 Nd5 4. Nc3 e6 5. Nxd5 exd5 6. g3 Nc6 7. Bg2 d6 8. exd6 Bxd6 9. 0-0 0-0 10. d4 c4 11. h3 h6 12. b3 cxb3 13. axb3 Bf5 14. c4 Nb4 15. Bd2 a5 16. c5 Be7 17. Bxb4 axb4 18. Qd2 Qd7 19. Qxb4 Bf6 20. Ne5 Qc7 21. Bxd5 Bxh3 22. Rxa8 Rxa8 23. Qxb7 Qxb7 24. Bxb7 Rd8 25. c6 Rxd4 26. Re1 Rb4 27. Ba6 Rxb3 28. c7 Rc3 29. Nc4 g5 30. Re8+ Kg7 31. c8Q Bxc8 32. Rxc8 Bd4 33. Nd6 Rxg3+ 34. Kf1 Rf3 35. Rc2 h5 36. Bb7 Rf6 37. Ne8+ Kg6 38. Nxf6 Bxf6 39. Kg2 h4 40. Bc8 Kh5 41. f3 Be5 42. Kh3 Kg6 43. Rc6+ f6 44. Kg4 Bf4 45. Bf5+ Kf7 46. Rb6 Ke7 47. Re6+ Kf7 48. Re4 Bg3 49. Rd4 Ke7 50. Rd7+ Ke8 51. Rh7 Kd8 52. Kh5 Bd6 53. Kg6 Be5 54. Bg4 Ke8 55. Rb7 Kd8 56. Kf5 Kc8 57. Rf7 Kb8 58. Ke6 Ka8 59. Rxf6 Bxf6 60. Kxf6 Kb7 61. Kxg5 h3 62. Bxh3 1-0

[Event "Titled Tuesday intern op 20th Aug Early"]
[Site "Chess.com INT"]
[Date "2024.08.20"]
[Round "11"]
[White "Aaron, Deepak"]
[Black "To, Nhat Minh"]
[Result "1-0"]
[WhiteElo "2289"]
[BlackElo "2321"]
[PlyCount "59"]
[EventDate "2024.08.20"]
[EventType "swiss (blitz)"]
[EventRounds "11"]
[EventCountry "USA"]
[SourceTitle "EXT 2025"]
[Source "ChessBase"]
[SourceDate "2024.10.14"]
[SourceVersion "1"]
[SourceVersionDate "2024.10.14"]
[SourceQuality "1"]

1. e4 e5 2. Nf3 Nc6 3. Bc4 Bc5 4. d3 Nf6 5. h3 d6 6. Nc3 Na5 7. Bb3 Nxb3 8. axb3 a6 9. Bg5 h6 10. Be3 Bxe3 11. fxe3 0-0 12. 0-0 Nh7 13. d4 Nf6 14. Qd3 Qe7 15. Rf2 Re8 16. Raf1 Bd7 17. Nh4 exd4 18. exd4 Nxe4 19. Rxf7 Qxh4 20. Rxd7 Nf6 21. Rxc7 Qg5 22. Rxb7 Re3 23. Qf5 Qg3 24. Nd5 Nxd5 25. Qxd5+ Kh8 26. Rxg7 Kxg7 27. Qxa8 Re2 28. Qf8+ Kg6 29. Qg8+ Kh5 30. Qxg3 1-0

[Event "Titled Tuesday intern op 20th Aug Early"]
[Site "Chess.com INT"]
[Date "2024.08.20"]
[Round "4"]
[White "Gerbelli Neto, Eduardo"]
[Black "Aaron, Deepak"]
[Result "0-1"]
[WhiteElo "2114"]
[BlackElo "2289"]
[PlyCount "144"]
[EventDate "2024.08.20"]
[EventType "swiss (blitz)"]
[EventRounds "11"]
[EventCountry "USA"]
[SourceTitle "EXT 2025"]
[Source "ChessBase"]
[SourceDate "2024.10.14"]
[SourceVersion "1"]
[SourceVersionDate "2024.10.14"]
[SourceQuality "1"]

1. e4 c5 2. Nc3 d6 3. f4 g6 4. Nf3 Bg7 5. Bb5+ Nd7 6. 0-0 a6 7. Be2 e6 8. d4 Ne7 9. a4 0-0 10. Be3 Qc7 11. Qd2 f5 12. Ng5 Nf6 13. e5 Nfd5 14. exd6 Qxd6 15. dxc5 Qc7 16. Bd4 Bxd4+ 17. Qxd4 h6 18. Nh3 Rd8 19. Rad1 Bd7 20. Nxd5 Nxd5 21. c4 Ne7 22. Qd6 Qxd6 23. Rxd6 Bxa4 24. Rxe6 Kf7 25. Rb6 Bc6 26. Bf3 Rac8 27. b4 Rd7 28. Bxc6 Nxc6 29. b5 Nd4 30. c6 bxc6 31. bxa6 Ne6 32. Rfb1 Nc5 33. Nf2 Ra8 34. Ra1 Rc7 35. g4 Nd7 36. Rb2 Rca7 37. Rba2 Nc5 38. gxf5 gxf5 39. Kg2 Rxa6 40. Rxa6 Rxa6 41. Rxa6 Nxa6 42. Kf3 Ke6 43. Ke3 Nc5 44. Kd4 Kd6 45. Nd1 Ne6+ 46. Ke3 Kc5 47. Nb2 Kb4 48. h4 Kc3 49. Nd3 Kxc4 50. Ne5+ Kd5 51. Nf7 h5 52. Ng5 c5 53. Nf3 c4 54. Ne5 c3 55. Nd3 c2 56. Kd2 Ke4 57. Kxc2 Nxf4 58. Nc5+ Ke3 59. Kd1 Ng2 60. Ne6 f4 61. Nxf4 Kxf4 62. Ke2 Kg3 63. Kf1 Nxh4 64. Kg1 Nf5 65. Kh1 Kh3 66. Kg1 h4 67. Kh1 Kg3 68. Kg1 h3 69. Kh1 Ne3 70. Kg1 Ng4 71. Kh1 Nf2+ 72. Kg1 h2+ 0-1

[Event "Titled Tuesday intern op 20th Aug Late"]
[Site "Chess.com INT"]
[Date "2024.08.20"]
[Round "2"]
[White "Khripachenko, Alexander"]
[Black "Aaron, Deepak"]
[Result "1-0"]
[WhiteElo "2374"]
[BlackElo "2289"]
[PlyCount "85"]
[EventDate "2024.08.20"]
[EventType "swiss (blitz)"]
[EventRounds "11"]
[EventCountry "USA"]
[SourceTitle "EXT 2025"]
[Source "ChessBase"]
[SourceDate "2024.10.14"]
[SourceVersion "1"]
[SourceVersionDate "2024.10.14"]
[SourceQuality "1"]

1. e4 c5 2. Nf3 d6 3. d4 cxd4 4. Nxd4 Nf6 5. Nc3 g6 6. Be3 Bg7 7. f3 0-0 8. Qd2 a6 9. 0-0-0 b5 10. g4 b4 11. Nce2 a5 12. h4 h5 13. Bh6 e5 14. Nb5 hxg4 15. h5 Bxh6 16. Qxh6 Nh7 17. f4 g5 18. fxe5 Ra6 19. exd6 Qf6 20. Qxf6 Nxf6 21. Ng3 Rb6 22. e5 Nfd7 23. Re1 Nc6 24. e6 fxe6 25. Rxe6 Nde5 26. d7 Bxd7 27. Rd6 Rxf1+ 28. Rxf1 Rxb5 29. h6 Be8 30. Ne4 Nf3 31. Nf6+ Kf7 32. Nxe8 Ke7 33. h7 b3 34. axb3 a4 35. h8Q axb3 36. Qf6+ Kxe8 37. Rxc6 Rb8 38. Qe6+ Kd8 39. Qd6+ Ke8 40. Qxb8+ Kf7 41. Qd6 Kg7 42. Rc7+ Kh8 43. Qd8# 1-0

[Event "Titled Tuesday intern op 20th Aug Late"]
[Site "Chess.com INT"]
[Date "2024.08.20"]
[Round "5"]
[White "Montano Vicente, Guadalupe"]
[Black "Aaron, Deepak"]
[Result "0-1"]
[WhiteElo "1950"]
[BlackElo "2289"]
[PlyCount "110"]
[EventDate "2024.08.20"]
[EventType "swiss (blitz)"]
[EventRounds "11"]
[EventCountry "USA"]
[SourceTitle "EXT 2025"]
[Source "ChessBase"]
[SourceDate "2024.10.14"]
[SourceVersion "1"]
[SourceVersionDate "2024.10.14"]
[SourceQuality "1"]

1. d4 e6 2. c4 Nf6 3. Nf3 d5 4. Nc3 Be7 5. cxd5 exd5 6. Bg5 0-0 7. e3 c6 8. h3 Re8 9. Bd3 Nbd7 10. 0-0 Nf8 11. Qc2 h6 12. Bxf6 Bxf6 13. b4 Be6 14. Rab1 Qd7 15. b5 Bxh3 16. gxh3 Qxh3 17. Nh2 g6 18. Rbe1 Rac8 19. b6 axb6 20. Ne2 Ne6 21. Kh1 Ng7 22. Ng1 Qd7 23. f3 c5 24. dxc5 bxc5 25. Ng4 Bg5 26. Qh2 h5 27. Ne5 Qc7 28. f4 Bf6 29. Ngf3 c4 30. Bc2 b5 31. Qg2 b4 32. Rb1 Rb8 33. Rfd1 Red8 34. Rg1 Qa7 35. Nxg6 fxg6 36. Qxg6 Qf7 37. Qh7+ Kf8 38. Bg6 Qg8 39. Qh6 Qe6 40. Ng5 Bxg5 41. Qh8+ Qg8 42. Qxg8+ Kxg8 43. Rxg5 b3 44. axb3 Rxb3 45. Rxb3 cxb3 46. Bxh5 b2 47. Bg6 Rc8 48. Rg1 Rc1 49. Bb1 Kf8 50. Kg2 Ne6 51. Kf2 Nc5 52. Re1 Ne4+ 53. Bxe4 dxe4 54. Ke2 Rxe1+ 55. Kxe1 b1Q+ 0-1

[Event "Titled Tuesday intern op 20th Aug Late"]
[Site "Chess.com INT"]
[Date "2024.08.20"]
[Round "7"]
[White "Ozen, Metehan"]
[Black "Aaron, Deepak"]
[Result "0-1"]
[WhiteElo "2142"]
[BlackElo "2289"]
[PlyCount "70"]
[EventDate "2024.08.20"]
[EventType "swiss (blitz)"]
[EventRounds "11"]
[EventCountry "USA"]
[SourceTitle "EXT 2025"]
[Source "ChessBase"]
[SourceDate "2024.10.14"]
[SourceVersion "1"]
[SourceVersionDate "2024.10.14"]
[SourceQuality "1"]

1. e4 c5 2. Nf3 d6 3. d4 cxd4 4. Nxd4 Nf6 5. Nc3 g6 6. Be3 Bg7 7. f3 0-0 8. Qd2 Nc6 9. 0-0-0 Bd7 10. g4 Rc8 11. h4 Ne5 12. Kb1 b5 13. Ncxb5 Bxb5 14. Bxb5 Qb6 15. Be2 Qb7 16. h5 Rb8 17. b3 Rfc8 18. hxg6 fxg6 19. g5 Nh5 20. f4 Ng3 21. fxe5 Nxe4 22. Qd3 Nc3+ 23. Kb2 Bxe5 24. Rdf1 Qb4 25. Rxh7 Na4+ 26. Ka1 Qc3+ 27. Qxc3 Nxc3 28. Rxe7 Nxe2 29. Rxe5 Nxd4 30. Bxd4 dxe5 31. Bxe5 Rb5 32. Bd4 Rxc2 33. Rf6 Rxg5 34. Kb1 Rd2 35. Be3 Rd1+ 0-1

[Event "Titled Tuesday intern op 13th Aug Early"]
[Site "Chess.com INT"]
[Date "2024.08.13"]
[Round "3"]
[White "Mishra, Manoj"]
[Black "Aaron, Deepak"]
[Result "1-0"]
[WhiteElo "1941"]
[BlackElo "2289"]
[PlyCount "117"]
[EventDate "2024.08.13"]
[EventType "swiss (blitz)"]
[EventRounds "11"]
[EventCountry "USA"]
[SourceTitle "EXT 2025"]
[Source "ChessBase"]
[SourceDate "2024.10.14"]
[SourceVersion "1"]
[SourceVersionDate "2024.10.14"]
[SourceQuality "1"]

1. d4 e6 2. Nf3 f5 3. h3 d5 4. g4 Nf6 5. Ne5 Bd6 6. Bg5 Nbd7 7. gxf5 Nxe5 8. dxe5 Bxe5 9. c3 0-0 10. Rg1 Qd6 11. Nd2 exf5 12. Nf3 Ne4 13. e3 f4 14. Nxe5 fxe3 15. Bxe3 c5 16. Qh5 Bf5 17. f4 d4 18. 0-0-0 Qf6 19. Bc4+ Kh8 20. cxd4 cxd4 21. Bxd4 Rac8 22. Nf7+ Qxf7 23. Bxg7+ Qxg7 24. Rxg7 Rxc4+ 25. Kb1 Ng3+ 26. Qxf5 Nxf5 27. Rxb7 Nd4 28. b3 Rc3 29. Rxd4 Rxh3 30. Rxa7 Rh2 31. a4 Re8 32. Rd1 h5 33. a5 h4 34. a6 h3 35. Rb7 Rg2 36. a7 Rgg8 37. Rh1 Rg3 38. Rb8 Rge3 39. a8Q Rxb3+ 40. Rxb3 Rxa8 41. Rhxh3+ Kg7 42. Rh5 Kf6 43. Rb6+ Kg7 44. Rc5 Ra7 45. Kc2 Kf7 46. Kd3 Ke7 47. Ke4 Ra4+ 48. Ke5 Kd7 49. Rd6+ Ke7 50. Rc7+ Ke8 51. Rb6 Ra5+ 52. Ke6 Ra8 53. f5 Kf8 54. f6 Re8+ 55. Re7 Rc8 56. Rbb7 Rc6+ 57. Kf5 Rc5+ 58. Kg6 Rc6 59. Rb8+ 1-0

[Event "Titled Tuesday intern op 06th Aug Early"]
[Site "Chess.com INT"]
[Date "2024.08.06"]
[Round "1"]
[White "Aaron, Deepak"]
[Black "Baladjaev, Gara"]
[Result "1-0"]
[WhiteElo "2289"]
[BlackElo "2404"]
[PlyCount "53"]
[EventDate "2024.08.06"]
[EventType "swiss (blitz)"]
[EventRounds "11"]
[EventCountry "USA"]
[SourceTitle "EXT 2025"]
[Source "ChessBase"]
[SourceDate "2024.10.14"]
[SourceVersion "1"]
[SourceVersionDate "2024.10.14"]
[SourceQuality "1"]

1. c4 c5 2. Nc3 Nc6 3. Nf3 g6 4. g3 Bg7 5. Bg2 Nf6 6. 0-0 0-0 7. e4 d6 8. d4 cxd4 9. Nxd4 Nxd4 10. Qxd4 Be6 11. Qd3 Nd7 12. b3 b5 13. cxb5 Ne5 14. Qd2 Bh3 15. Bb2 Bxg2 16. Kxg2 Qb6 17. a4 Rac8 18. Nd5 Qb7 19. Rac1 e6 20. Nc3 Rfd8 21. f3 h5 22. Rfd1 Kh7 23. Ne2 Rxc1 24. Qxc1 d5 25. Bxe5 Bxe5 26. Qc6 Qe7 27. f4 1-0

[Event "Titled Tuesday intern op 06th Aug Late"]
[Site "Chess.com INT"]
[Date "2024.08.06"]
[Round "8"]
[White "Aaron, Deepak"]
[Black "Boor, Carl Brandon"]
[Result "1-0"]
[WhiteElo "2289"]
[BlackElo "2231"]
[PlyCount "69"]
[EventDate "2024.08.06"]
[EventType "swiss (blitz)"]
[EventRounds "11"]
[EventCountry "USA"]
[SourceTitle "EXT 2025"]
[Source "ChessBase"]
[SourceDate "2024.10.14"]
[SourceVersion "1"]
[SourceVersionDate "2024.10.14"]
[SourceQuality "1"]

1. e4 c5 2. Nf3 d6 3. d4 cxd4 4. Nxd4 Nf6 5. Nc3 a6 6. Bc4 Nbd7 7. f3 b5 8. Bb3 Bb7 9. Be3 Nc5 10. Qd2 e6 11. 0-0-0 h5 12. Kb1 Be7 13. h3 h4 14. Nce2 Qc7 15. Bg5 Rc8 16. a3 Rh5 17. Be3 Re5 18. Rc1 Nfxe4 19. fxe4 Nxe4 20. Qd1 g5 21. Nf3 Rc5 22. Bxc5 dxc5 23. c4 Nf2 24. Qf1 Nxh1 25. Qxh1 Be4+ 26. Ka2 Rb8 27. Qe1 Bf6 28. cxb5 Kf8 29. Nc3 Bg6 30. Ne4 Bg7 31. Nxc5 Rxb5 32. Nxe6+ fxe6 33. Rxc7 Bc2 34. Bxc2 Rxb2+ 35. Ka1 1-0

[Event "Titled Tuesday intern op 06th Aug Early"]
[Site "Chess.com INT"]
[Date "2024.08.06"]
[Round "9"]
[White "Aaron, Deepak"]
[Black "Harriott, Tyrell"]
[Result "1-0"]
[WhiteElo "2289"]
[BlackElo "1924"]
[PlyCount "91"]
[EventDate "2024.08.06"]
[EventType "swiss (blitz)"]
[EventRounds "11"]
[EventCountry "USA"]
[SourceTitle "EXT 2025"]
[Source "ChessBase"]
[SourceDate "2024.10.14"]
[SourceVersion "1"]
[SourceVersionDate "2024.10.14"]
[SourceQuality "1"]

1. e4 d6 2. d4 Nf6 3. f3 Nbd7 4. c4 e5 5. Ne2 c6 6. d5 Be7 7. Nbc3 0-0 8. Be3 Ne8 9. Qd2 g6 10. g4 Bh4+ 11. Ng3 f5 12. gxf5 gxf5 13. exf5 Ndf6 14. 0-0-0 c5 15. Bg5 Bxg5 16. Qxg5+ Kh8 17. Bh3 Rg8 18. Qh4 Qe7 19. Nge4 Rg7 20. Rhg1 Bd7 21. Rg3 Rxg3 22. hxg3 a6 23. g4 Nxd5 24. Qxe7 Nxe7 25. Nxd6 Nxd6 26. Rxd6 Bc6 27. Ne4 Bxe4 28. fxe4 Nc6 29. g5 Rd8 30. Rd5 b6 31. f6 Kg8 32. Bd7 Nd4 33. Bg4 Rxd5 34. cxd5 Kf7 35. d6 h6 36. Bh5+ Ke6 37. f7 Kxd6 38. f8Q+ Kc6 39. gxh6 Kb5 40. h7 Ka5 41. h8Q Kb5 42. Qe8+ Ka5 43. Qhxe5 Nb5 44. Qxb5+ Kxb5 45. Be2+ Ka5 46. Qc3+ 1-0

[Event "Titled Tuesday intern op 06th Aug Early"]
[Site "Chess.com INT"]
[Date "2024.08.06"]
[Round "5"]
[White "Aaron, Deepak"]
[Black "Samsonkin, Artiom"]
[Result "0-1"]
[WhiteElo "2289"]
[BlackElo "2363"]
[PlyCount "46"]
[EventDate "2024.08.06"]
[EventType "swiss (blitz)"]
[EventRounds "11"]
[EventCountry "USA"]
[SourceTitle "EXT 2025"]
[Source "ChessBase"]
[SourceDate "2024.10.14"]
[SourceVersion "1"]
[SourceVersionDate "2024.10.14"]
[SourceQuality "1"]

1. e4 d5 2. exd5 Qxd5 3. Nf3 Bg4 4. Be2 Nc6 5. h3 Bxf3 6. Bxf3 Qe6+ 7. Qe2 Nd4 8. Qxe6 Nxf3+ 9. gxf3 fxe6 10. d4 Nf6 11. Bf4 0-0-0 12. c3 g6 13. Nd2 Bg7 14. 0-0-0 Rhf8 15. Rde1 Nd5 16. Bg5 h6 17. Bh4 Kd7 18. Re4 Bf6 19. Rhe1 Bxh4 20. Rxh4 Nf4 21. Rg1 Ne2+ 22. Kc2 Nxg1 23. Rxh6 Nxf3 0-1

[Event "Titled Tuesday intern op 06th Aug Late"]
[Site "Chess.com INT"]
[Date "2024.08.06"]
[Round "4"]
[White "Aaron, Deepak"]
[Black "Yanchenko, Roman"]
[Result "0-1"]
[WhiteElo "2289"]
[BlackElo "2466"]
[PlyCount "82"]
[EventDate "2024.08.06"]
[EventType "swiss (blitz)"]
[EventRounds "11"]
[EventCountry "USA"]
[SourceTitle "EXT 2025"]
[Source "ChessBase"]
[SourceDate "2024.10.14"]
[SourceVersion "1"]
[SourceVersionDate "2024.10.14"]
[SourceQuality "1"]

1. e4 e6 2. d4 d5 3. Nd2 c5 4. exd5 exd5 5. Ngf3 Nc6 6. Bb5 c4 7. 0-0 Bd6 8. b3 cxb3 9. axb3 Nge7 10. c4 0-0 11. c5 Bc7 12. Ba3 a6 13. Bd3 Bf5 14. Qc2 Qd7 15. b4 Bxd3 16. Qxd3 Qf5 17. Qb3 Qf6 18. Bb2 Na7 19. Ne5 Rfe8 20. f4 Rad8 21. Ndf3 h5 22. Ng5 Bxe5 23. dxe5 Qf5 24. Rad1 Nb5 25. Qf3 h4 26. Qh5 Ng6 27. e6 f6 28. Qh7+ Kf8 29. Rde1 d4 30. Nf7 Rd5 31. Ne5 Ne7 32. Nd7+ Rxd7 33. Qh8+ Ng8 34. exd7 Qxd7 35. Qxh4 Rxe1 36. Rxe1 d3 37. Qf2 Ne7 38. Qe3 Nf5 39. Qd2 Qd5 40. h3 Nh4 41. Qe3 Qxg2# 0-1

[Event "Titled Tuesday intern op 06th Aug Late"]
[Site "Chess.com INT"]
[Date "2024.08.06"]
[Round "3"]
[White "Huseynova, Lala"]
[Black "Aaron, Deepak"]
[Result "0-1"]
[WhiteElo "1984"]
[BlackElo "2289"]
[PlyCount "88"]
[EventDate "2024.08.06"]
[EventType "swiss (blitz)"]
[EventRounds "11"]
[EventCountry "USA"]
[SourceTitle "EXT 2025"]
[Source "ChessBase"]
[SourceDate "2024.10.14"]
[SourceVersion "1"]
[SourceVersionDate "2024.10.14"]
[SourceQuality "1"]

1. e4 e5 2. Nf3 Nc6 3. Bb5 a6 4. Ba4 Nf6 5. 0-0 b5 6. Bb3 Bc5 7. c3 d6 8. d4 Bb6 9. h3 h6 10. Be3 Qe7 11. Nbd2 g5 12. Re1 g4 13. hxg4 Nxg4 14. Bd5 Bd7 15. dxe5 Nxe3 16. fxe3 dxe5 17. Nf1 Rg8 18. Qe2 Qf6 19. Qf2 0-0-0 20. Nh4 Qxf2+ 21. Kxf2 Ne7 22. Ng3 Nxd5 23. exd5 f5 24. Nf3 f4 25. Nf1 Rg7 26. Nxe5 Rdg8 27. Nxd7 Kxd7 28. Kf3 fxe3 29. Nxe3 Rg3+ 30. Kf2 Rxg2+ 31. Kf3 Rxb2 32. Nf5 Rf2+ 33. Ke4 Re8+ 34. Kd3 Rxf5 35. Rxe8 Kxe8 36. c4 bxc4+ 37. Kxc4 Rf4+ 38. Kb3 h5 39. Re1+ Kd7 40. Re5 h4 41. Rh5 Kd6 42. a4 a5 43. Rg5 Rb4+ 44. Ka3 Bc5 0-1

[Event "Titled Tuesday intern op 30th Jul Early"]
[Site "Chess.com INT"]
[Date "2024.07.30"]
[Round "11"]
[White "Aaron, Deepak"]
[Black "Hoffmann, Asa"]
[Result "1-0"]
[WhiteElo "2276"]
[BlackElo "2185"]
[PlyCount "51"]
[EventDate "2024.07.30"]
[EventType "swiss (blitz)"]
[EventRounds "11"]
[EventCountry "USA"]
[SourceTitle "EXT 2025"]
[Source "ChessBase"]
[SourceDate "2024.10.14"]
[SourceVersion "1"]
[SourceVersionDate "2024.10.14"]
[SourceQuality "1"]

1. e4 d6 2. d4 Nf6 3. f3 Nbd7 4. c4 e5 5. Ne2 Be7 6. Nbc3 c6 7. d5 Qc7 8. Be3 0-0 9. Qd2 a6 10. g4 b5 11. Ng3 Nb6 12. g5 Ne8 13. dxc6 Qxc6 14. cxb5 axb5 15. Bxb5 Qc7 16. Rc1 Be6 17. Nd5 Nxd5 18. Rxc7 Ndxc7 19. Bd3 Rxa2 20. 0-0 d5 21. Nf5 Bxf5 22. exf5 d4 23. Bf2 Nd6 24. Bg3 f6 25. Qc2 Rc8 26. Qb3+ 1-0